League of Legends: Alle Champions - Statistiken

Allgemein
  • Dieses Quiz wurde 1.641 mal gespielt
  • Das Durchschnittsergebnis liegt bei 95 aus 165
Antwortstatistiken
Champion % Korrekt
Aatrox
89%
Vi
88%
Darius
85%
Ahri
84%
Ashe
83%
Lux
83%
Garen
82%
Jinx
82%
Zed
82%
Caitlyn
78%
Yasuo
78%
Annie
77%
Akali
76%
Blitzcrank
76%
Yone
76%
Lulu
73%
Thresh
73%
Nautilus
72%
Teemo
72%
Alistar
71%
Azir
71%
Heimerdinger
71%
Miss Fortune
71%
Anivia
70%
Braum
70%
Ezreal
70%
Kai´sa
69%
Leona
69%
Lucian
69%
Sett
68%
Amumu
67%
Tristana
67%
Warwick
67%
Bard
66%
Draven
66%
Jhin
66%
Senna
66%
Xerath
66%
Aurelion Sol
65%
Katarina
65%
Jarvan IV
64%
Morgana
64%
Rakan
63%
Yuumi
63%
Brand
62%
Gangplank
62%
Kha´Zix
62%
Renekton
62%
Viktor
62%
Xayah
62%
Zyra
62%
Ekko
61%
Master Yi
61%
Nasus
61%
Samira
61%
Aphelios
60%
Bel´veth
60%
Jayce
60%
Nami
60%
Ornn
60%
Vel´Koz
60%
Irelia
59%
Jax
59%
Malphite
59%
Sona
59%
Vayne
59%
Janna
58%
Orianna
58%
Sejuani
58%
Sion
58%
Soraka
58%
Ziggs
58%
Maokai
57%
Mordekaiser
57%
Seraphine
57%
Yorick
57%
Cho´Gath
56%
Kayle
56%
Nunu & Willump
56%
Pantheon
56%
Pyke
56%
Rengar
56%
Urgot
56%
Varus
56%
Veigar
56%
Volibear
56%
Fiora
55%
Fizz
55%
Rek´Sai
55%
Twisted Fate
55%
Zac
55%
Akshan
54%
Diana
54%
Hecarim
54%
Kayn
54%
Lee Sin
54%
Nocturne
54%
Poppy
54%
Quinn
54%
Camille
53%
Corki
53%
Graves
53%
Illaoi
53%
Kalista
53%
Olaf
53%
Zoe
53%
Evelynn
52%
Galio
52%
Gnar
52%
Ivern
52%
Lissandra
52%
Rumble
52%
Shaco
52%
Syndra
52%
Cassiopeia
51%
Elise
51%
Gragas
51%
Karma
51%
Singed
51%
Sivir
51%
Talon
51%
Viego
51%
Fiddlesticks
50%
Lillia
50%
Nidalee
50%
Twitch
50%
Briar
49%
Dr.Mundo
49%
Kassadin
49%
Kennen
49%
K´Sante
49%
Tryndamere
49%
Zilean
49%
Malzahar
48%
Neeko
48%
Rammus
48%
Ryze
48%
Sylas
48%
Vex
48%
Zeri
48%
Kog´Maw
47%
LeBlanc
47%
Shen
47%
Swain
47%
Taric
47%
Udyr
47%
Karthus
46%
Milio
46%
Riven
46%
Rell
45%
Tahm Kench
45%
Xin Zhao
45%
Naafiri
44%
Gwen
43%
Kled
43%
Shyvana
42%
Trundle
42%
Nilah
41%
Qiyana
41%
Renata Glasc
41%
Vladimir
41%
Kindred
40%
Taliyah
38%
Skarner
37%
Wukong
31%
Keine übereinstimmenden Quizze gefunden
Verteilung der Resultate
Anzahl Personen mit jedem Resultat
Perzentil nach korrekt beantworteten Fragen
Ihre Resultats-Entwicklung
Sie haben dieses Quiz noch nicht gespielt